| 000 | 00325nam a2200109Ia 4500 | ||
|---|---|---|---|
| 008 | 180205s9999 xx 000 0 und d | ||
| 020 | _a9710617680 | ||
| 100 | _aFebre Jr, Francisco A. | ||
| 245 |
_cCawagas, Virginia F. _aIntoduction to statistics / |
||
| 260 |
_aQuezon City _bNational bookstore _c1987 |
||
| 300 | _av, 209 pages | ||
| 999 |
_c354714 _d354714 |
||